Assessment of entrepreneurship among workers for industrialisation- a case study of Ghaziabad town (Record no. 503513)

000 -LEADER
fixed length control field 00386cam a22001097a 4500
008 - FIXED-LENGTH DATA ELEMENTS--GENERAL INFORMATION
fixed length control field 180718b1987 xxu||||| |||| 00| 0 eng d
082 ## - DEWEY DECIMAL CLASSIFICATION NUMBER
Classification number T2x5421 In7
245 ## - TITLE STATEMENT
Title Assessment of entrepreneurship among workers for industrialisation- a case study of Ghaziabad town
Statement of responsibility, etc. by N.K. Soni
260 ## - PUBLICATION, DISTRIBUTION, ETC.
Place of publication, distribution, etc. New Delhi
Name of publisher, distributor, etc. Institute of Applied Manpower Research
Date of publication, distribution, etc. 1987
300 ## - PHYSICAL DESCRIPTION
Extent 83p.
700 ## - ADDED ENTRY--PERSONAL NAME
Personal name Soni, N.K.
Holdings
Withdrawn status Lost status Damaged status Not for loan Permanent Location Current Location Date acquired Full call number Barcode Date last seen Price effective from Koha item type
        Indian Institute of Public Administration Indian Institute of Public Administration 2018-08-04 T2x5421 In7 GG31749 2018-08-04 2018-08-04 GG

Powered by Koha